| Tag |
First Indicator |
Second Indicator |
Subfields |
| LEADER |
00000cam a2200000 4500 |
| 001 |
in00000720433 |
| 005 |
20151016062323.0 |
| 008 |
750730s1944 wiu b 00010 engmu |
| 010 |
|
|
|a 44007046
|
| 035 |
|
|
|a (OCoLC)01490607
|
| 035 |
|
|
|9 ADD4505AM
|
| 040 |
|
|
|c SNN
|d TXA
|d UtOrBLW
|
| 049 |
|
|
|a TXAM
|c [148611]
|
| 050 |
0 |
0 |
|a E172
|b .D8
|
| 082 |
0 |
|
|a 973.062
|
| 092 |
|
|
|a 973.062
|b D921a
|
| 100 |
1 |
|
|a Dunlap, Leslie W.
|q (Leslie Whittaker),
|d 1911-2010.
|
| 245 |
1 |
0 |
|a American historical societies, 1790-1860 /
|c by Leslie W. Dunlap.
|
| 264 |
|
1 |
|a Madison, Wis. :
|b Priv. print. [Cantwell printing co.],
|c 1944.
|
| 300 |
|
|
|a ix, 238 pages ;
|c 24 cm.
|
| 336 |
|
|
|a text
|b txt
|2 rdacontent
|
| 337 |
|
|
|a unmediated
|b n
|2 rdamedia
|
| 338 |
|
|
|a volume
|b nc
|2 rdacarrier
|
| 504 |
|
|
|a Bibliographical footnotes.
|
| 650 |
|
0 |
|a History
|x Societies, etc.
|z United States.
|
| 999 |
|
|
|a MARS
|
| 999 |
f |
f |
|s be021715-ec8b-3982-b7bc-b60384b0ea3d
|i ad9dac36-6f82-315d-a22e-c4bb4ce72e4b
|t 0
|
| 952 |
f |
f |
|p ric
|a Texas A&M University
|b Rellis Campus
|c Joint Library Facility
|d Remote Storage
|t 0
|e E172 D8
|h Library of Congress classification
|i unmediated -- volume
|m A14801516653
|
| 998 |
f |
f |
|a E172 D8
|t 0
|l Remote Storage
|